| 000 | 00916nam a22001937a 4500 | ||
|---|---|---|---|
| 003 | AM-YeHGA | ||
| 040 | _aAM-YeHGA | ||
| 090 | _c427195 | ||
| 005 | 20250617155029.0 | ||
| 008 | 190205b1953 ru ||||| |||| 00| 0 rus d | ||
| 041 | 0 | _arus | |
| 100 | 1 | _aАндреев, Б. Н. | |
| 245 | 1 | 0 |
_aПтицы среднего Вилюя : _b(По материалам, собранным юными натуралистами) |c Ин-т усовершенствования учителей Якут. АССР / _cБ. Н.Андреев ; Ин-т усовершенствования учителей Якут. АССР |
| 260 |
_a[Якутск] . _bЯкут. кн. изд-во, _c1953 |
||
| 300 |
_a28 с., _bил. |
||
| 650 | 1 | 4 | _aПтицы - Вилюйская низменность |
| 710 | 2 | _aИнститут усовершенствования учителей Якутской АССР | |
| 942 |
_2udc _cBK |
||
| 999 |
_c424732 _d424732 |
||